| 000 | 01075cam a22001694 4500 | ||
|---|---|---|---|
| 082 |
_a962.403 _bCHU _cD |
||
| 100 | 1 |
_aChurchill, Winston, _949036 |
|
| 245 | 1 | 4 |
_aThe river war : _ban historical account of the reconquest of the Soudan / _cby Winston Spencer Churchill ; edited by F. Rhodes ; illustrated by Angus McNeill. |
| 260 |
_aLondon ; _aNew York : _bLongmans,Green and co., _c1899. |
||
| 300 |
_a2 v. : _bill., ports., maps (some fold.), plans (some fold.) ; _c24 cm. |
||
| 500 | _aAppendices: A. Composition of the staff during the river war.-- B. Extracts from the despatches of referring to recommendations.-- C. Extracts from the London gazette showing honours and promotions given.-- D. Extracts from a memorandum for guidance of officers commanding British infantry in the Soudan.--E. Text of the Soudan agreement of the 19th of January 1899, and of the declaration of the 21st of March 1899. | ||
| 526 |
_a0 _b0 _c0 _d962_403000000000000_CHU |
||
| 526 |
_a0 _b0 _c0 _d962_403000000000000_CHU |
||
| 650 |
_aMCE _9379 |
||
| 700 | 1 |
_aRhodes, F. _949992 |
|
| 942 |
_2ddc _cBK |
||
| 999 |
_c552729 _d552729 |
||